000 00319nam a22001337a 4500
008 181008b xxu||||| |||| 00| 0 eng d
020 _a9780471655282
041 _aeng
080 _26th
_a330.722
100 _a61
101 _aKF
245 _aFinancial Accounting in an Economic Context
_cPratt,J
942 _2udc
_cBK
999 _c48990
_d48990